Fede, ragione e civiltà : (Record n. 1511)

Dettagli MARC
000 -LEADER
fixed length control field 00768nam a2200229 i 4500
003 - CONTROL NUMBER IDENTIFIER
control field IT-RoINE
005 - DATE AND TIME OF LATEST TRANSACTION
control field 20201113111225.0
008 - FIXED-LENGTH DATA ELEMENTS--GENERAL INFORMATION
fixed length control field 140114s1986 it |||||r|||| 00| 0 ita d
040 ## - CATALOGING SOURCE
Original cataloging agency IT-RoINE
100 1# - MAIN ENTRY--PERSONAL NAME
Personal name Toso, Mario,
Titles and other words associated with a name S.D.B.,
Dates associated with a name 1950-
9 (RLIN) 2913
245 10 - TITLE STATEMENT
Title Fede, ragione e civiltà :
Remainder of title saggio sul pensiero di Étienne Gilson /
Statement of responsibility, etc Mario Toso.
260 ## - PUBLICATION, DISTRIBUTION, ETC. (IMPRINT)
Place of publication, distribution, etc Roma :
Name of publisher, distributor, etc LAS,
Date of publication, distribution, etc 1986.
300 ## - PHYSICAL DESCRIPTION
Extent 302 p. ;
Dimensions 24 cm.
336 ## - CONTENT TYPE
Source rdacontent
Content type term text
337 ## - MEDIA TYPE
Source rdamedia
Media type term unmediated
338 ## - CARRIER TYPE
Source rdacarrier
Carrier type term volume
490 10 - SERIES STATEMENT
Series statement Biblioteca di scienze religiose ;
Volume number/sequential designation 72
504 ## - BIBLIOGRAPHY, ETC. NOTE
Bibliography, etc Bibliografia: p. [292]-299.
600 1# - SUBJECT ADDED ENTRY--PERSONAL NAME
Personal name Gilson, Étienne,
Dates associated with a name 1884-1978
General subdivision Crítica e interpretación
9 (RLIN) 2914
830 #0 - SERIES ADDED ENTRY--UNIFORM TITLE
9 (RLIN) 2851
Uniform title Biblioteca di scienze religiose (LAS) ;
Volume number/sequential designation 72
942 ## - ADDED ENTRY ELEMENTS (KOHA)
Item type Monografías
Dati di copia
Withdrawn status Lost status Damaged status Not for loan Home library Current library Date acquired Inventory number Total Checkouts Full call number Barcode Date last seen Price effective from Koha item type
        Iglesia Nacional Española en Roma Iglesia Nacional Española en Roma 14/01/2014 89675   TEO 277 1738 14/01/2014 14/01/2014 Monografías